| 000 | 01105 a2200253 4500 | ||
|---|---|---|---|
| 020 | _a3540255214 | ||
| 024 | 3 | _a9783540255215 | |
| 040 |
_aDLC _bDLC |
||
| 082 | _a005.8 | ||
| 245 | 1 | 0 |
_aSecurity in pervasive computing: Second International Conference, SPC 2005, Boppard, Germany, April 6-8, 2005 : proceedings _bSecond International Conference, SPC 2005, Boppard, Germany, April 6-8, 2005 : proceedings _cDieter Hutter, Markus Ullmann |
| 246 | 3 | _aSecurity in pervasive computing [electronic resource] | |
| 246 | 3 | _aSPC 2005. | |
| 260 |
_aBerlin ; _aNew York : _bSpringer, _cc2005. |
||
| 300 |
_axi, 238 p. : _bill. ; _c24 cm. |
||
| 440 | 0 |
_aLecture notes in computer science ; _v3450. |
|
| 538 | _aMode of access: Internet. | ||
| 538 | _aSystems requirements: PC; Adobe Acrobat Reader; modem. | ||
| 650 | 0 | _aUbiquitous computing | |
| 650 | 0 | _aComputer security | |
| 700 | 1 | _aHutter, Dieter. | |
| 700 | 1 | _aUllmann, Markus. | |
| 856 | 4 | 1 | _uhttp://libproxy1.nus.edu.sg/login?url=http://springerlink.com/openurl.asp?genre=issue&issn=0302-9743&volume=3450&issue=preprint |
| 942 |
_cBK _k005.8 HUT _2ddc |
||
| 999 |
_c6710 _d6710 |
||